Riziká voľného pohybu tovaru bakalárska práca

Guardado en:
Detalles Bibliográficos
Autor principal: Šimeková, Dana
Autor Corporativo: Obchodná fakulta EU. Katedra tovaroznalectva a kvality tovaru
Otros Autores: Košútová, Tatiana, 1962-
Formato: Libro
Lenguaje:eslovaco
Publicado: Bratislava 2009
Etiquetas: Agregar Etiqueta
Sin Etiquetas, Sea el primero en etiquetar este registro!

MARC

LEADER 00000nam$a2200000$$$4500
001 0142238
005 20240319125436.4
041 0 |a slo 
044 |a SK 
245 1 0 |a Riziká voľného pohybu tovaru  |b bakalárska práca  |c Dana Šimeková ; školiteľ: Tatiana Košútová 
264 1 |a Bratislava  |c 2009 
300 |a 55 s. 
100 1 |a Šimeková, Dana 
700 1 |a Košútová, Tatiana, 1962- 
710 2 |a Obchodná fakulta EU. Katedra tovaroznalectva a kvality tovaru